| 000 | 00585nam a2200205 a 4500 | ||
|---|---|---|---|
| 001 | BRL_903 | ||
| 005 | 20190320210939.0 | ||
| 008 | 231013s1960----mx-a######---#000-0#spa-# | ||
| 041 | _aspa | ||
| 044 | _amx | ||
| 050 | 4 |
_aF1219.1.M53 _b.C67 1960 |
|
| 245 | 1 | 0 |
_aCopilco - Cuicuilco _bGuía oficial |
| 260 |
_aMéxico, D.F. _bInstituto Nacional de Antropología e Historia _c[1960?] |
||
| 300 |
_a20 p. _bil. _c20 cm. |
||
| 500 | _aAu1053 | ||
| 651 | 4 |
_aCopilco, Sitio (México) _vGuías _925279 |
|
| 651 | 4 |
_aCuicuilco sitio (México) _vGuías _925280 |
|
| 902 | _aGRL | ||
| 942 |
_2lcc _cB |
||
| 999 |
_c9715 _d9715 |
||